Tvorba aj pre "nešikovné ruky

Bibliographic Details
Main Author: Csontosová, Zuzana, 1976- (Author)
Format: Article
Language:Slovak
PhysicalDescription:Fotogr.
ISSN:1335-0919
Subjects:

MARC

LEADER 00000nab a2200000 ar4500
001 vtls010264548
003 SK-MaSNL
005 20260303210743.0
008 110317c2011 xo mr|p|||n |000 b|slo
015 |a SNBRB2011/03 
038 |a SPK 
040 |a SPKCL  |b slo  |c AACR2  |e AACR2 
041 0 |a slo 
044 |a xo  |c SK 
072 7 |a 72/76  |x Výtvarné umenie  |2 konspekt 
072 7 |a 37  |x Výchova a vzdelávanie  |2 konspekt 
080 |a 72/76-026.12  |2 2001 
080 |a 7.04  |2 2001 
080 |a 379.8  |2 2001 
100 1 |a Csontosová, Zuzana,  |d 1976-  |4 aut  |9 158748 
245 1 0 |a Tvorba aj pre "nešikovné ruky  |c Zuzana Csontosová 
300 |b Fotogr. 
504 |a Bibliogr. odkazy 
650 0 7 |a voľný čas  |2 snkbucl  |9 3355 
650 0 7 |a výtvarná činnosť  |2 snkbucl  |9 71544 
650 0 7 |a ručné práce  |2 snkbucl  |9 3095 
650 0 7 |a kreativita  |2 snkbucl  |9 4339 
650 0 7 |a námety, témy, motívy  |2 snkbucl  |9 182838 
773 0 |t Dieťa  |g Roč. XVII, č. 3 (2011), s. 62-64  |x 1335-0919 
852 |a SPK  |b KIS3GCP 
856 4 1 |a www.dieta.sk 
958 |a NB  |2 snkbucl 
999 |c 2201528  |d 2203458